PLAGIORCHIS ELEGANS (RUD., 1802) NÁJDENÝ U NOVÉHO HOSTITEĽA CREX CREX L.

Bibliographic Details
Main Author: Macko, Jozef Kazimír, 1927- (Author)
Format: Article
Language:Slovak

MARC

LEADER 00000nab a2200000uu 4500
001 vtls011440304
003 SK-MaSNL
005 20260303123117.0
008 230213|1965 xo |||||||||||||||||slo|
015 |a SNBRB 
035 |a (urnnbn)urn:nbn:sk:snk:ar-002xvl 
035 |a (uuid)21205f91-e72e-4236-9b8a-5779be55a207 
035 |a urn:nbn:sk:snk-abcet3 
040 |a SNKBUCL  |b slo  |c SNKBUCL  |e AACR2 
041 0 |a slo 
044 |a xo  |c SK 
100 1 |a Macko, Jozef Kazimír,  |d 1927-  |4 aut  |9 37748 
245 1 0 |a PLAGIORCHIS ELEGANS (RUD., 1802) NÁJDENÝ U NOVÉHO HOSTITEĽA CREX CREX L.  |c Jozef K. Macko 
773 0 |t Biológia : časopis Slovenskej akadémie vied  |g Roč. 20, č. 8 (1965), s. 630-631 
954 |a odborná, vedecká literatúra pôvodná (slovenská)  |2 lita 
958 |a OND 
958 |a EUIPO 
958 |a article16 
999 |c 1923402  |d 1925332